000 00817nam a2200217 4500
001 76755
003 BD-RjUL
005 20211209082900.0
008 200118s1974 ii ||||| |||| 00| 0dben d
035 _a(BD-RjUL)76979
040 _aBD-RjUL
_beng
_cBD-RjUL
041 _aeng
082 _223
_a891.44109
_bSEC 1974
100 1 _aসেন, প্রবোধচন্দ্র
_9237747
245 1 0 _aছন্দ-জিজ্ঞাসা /
_cপ্রবোধচন্দ্র সেন
260 _aকলিকাতা:
_bজিজ্ঞাসা,
_c১৯৭৪
300 _a[১৫], ৫০২ পৃ
_c২২ সেমি.
650 _aবাংলা কবিতা
_xইতিহাস ও সমালোচনা
_9237770
650 _aBengali Poetry
_xHistory and Criticism
_9237771
942 _2ddc
_cBK
999 _c76755
_d76755